Normal view
MARC view
Entry Personal Name
001 - CONTROL NUMBER
- control field: 51656
003 - CONTROL NUMBER IDENTIFIER
- control field: ARRUPE
005 - DATE AND TIME OF LATEST TRANSACTION
- control field: 20220518134439.0
008 - FIXED-LENGTH DATA ELEMENTS
- fixed length control field: 220518|| aca||aabn | a|a d
040 ## - CATALOGING SOURCE
- Original cataloging agency: ARRUPE
- Transcribing agency: ARRUPE
100 ## - HEADING--PERSONAL NAME
- Personal name: Kaniki,M.H.Y
670 ## - SOURCE DATA FOUND
- Source citation: Work cat.: (ARRUPE)131454: Kaniki,M.H.Y, Tanzania under colonial rule